| 000 | 00556nam a2200193Ia 4500 | ||
|---|---|---|---|
| 008 | 220216s9999 xx 000 0 und d | ||
| 100 | _aDas K. | ||
| 245 | 0 | _aOptimisation of media components for somatic embryogenesis from anthers of Hevea brasiliensis | |
| 260 |
_bIndian Journal of Natural Rubber Research _c2003 |
||
| 300 | _a60-65 | ||
| 650 | _aAnther culture | ||
| 650 | _aClone evaluation | ||
| 650 | _aMultiple shoot | ||
| 650 | _aPhytohormone | ||
| 650 | _aSomatic embryogenesis | ||
| 700 | _aDas G. | ||
| 700 | _aDey S.K. | ||
| 942 | _cBS | ||
| 999 |
_c51639 _d51639 |
||